Special Relativity for physicists
Uloženo v:
| Hlavní autoři: | , |
|---|---|
| Médium: | Kniha |
| Jazyk: | angličtina |
| Vydáno: |
Nueva York
Dover Publications Inc
1987
|
| Vydání: | 1a. ed |
| Témata: | |
| Tagy: |
Přidat tag
Žádné tagy, Buďte první, kdo vytvoří štítek k tomuto záznamu!
|
MARC
| LEADER | 00000nam a2200000 a 4500 | ||
|---|---|---|---|
| 001 | UCG0536 | ||
| 003 | CL-VaPUC | ||
| 008 | 100325e19870000US |||||||||||||||||eng|d | ||
| 020 | |a 0486655199 | ||
| 082 | 0 | 4 | |a 530.11 |b STE |2 21 |
| 100 | 0 | |a Stephenson, Geoffrey |e author |9 548019 | |
| 700 | 0 | |a Kilmister, Clive William |e author |9 548020 | |
| 245 | 1 | 0 | |a Special Relativity for physicists |
| 250 | |a 1a. ed | ||
| 300 | |a 108 p | ||
| 942 | |c BK | ||
| 945 | |d 20100325 00:00:00 |a dcastane | ||
| 260 | |a Nueva York |b Dover Publications Inc |c 1987 | ||
| 650 | 7 | |a TEORIA DE LA RELATIVIDAD ESPECIAL |2 CL-VaPUC |9 548012 | |
| 650 | 7 | |a RELATIVIDAD ESPECIAL |2 CL-VaPUC |9 320839 | |
| 650 | 0 | |a Física |9 227844 | |
| 583 | |a last modification |c 20130325 05:27:28 |k Rodrigo Vera | ||
| 999 | |c 340157 |d 340155 | ||
| 952 | |0 0 |1 0 |4 0 |6 530_110000000000000_STE_1987 |7 0 |8 A |9 434692 |a BIBCUR |b BIBCUR |d 2019-11-22 |i 4653866 |o 530.11 STE 1987 |p 4653866 |r 2025-04-22 |w 2019-11-22 |y BK |k FIS | ||